Statistics for Biggest Asian Coastal Cities

Click here to take the quiz!

General Stats

  • This quiz has been taken 55 times
  • The average score is 19 of 24

Answer Stats

PopulationUrban Area% Correct
31.1 milShanghai
98%
39.8 milTokyo
98%
28.9 milJakarta
96%
24.1 milManila
94%
24.8 milSeoul
94%
17.4 milBangkok
92%
48.6 milGuangzhou
92%
17.8 milOsaka
92%
23.6 milMumbai
90%
7.30 milHong Kong
86%
25.1 milKarachi
84%
6.95 milSingapore
84%
17.9 milDhaka
82%
8.30 milHo Chi Minh City
82%
16.2 milKolkata
82%
10.3 milChennai
80%
6.80 milKuala Lumpur
78%
9.05 milTaipei
75%
11.8 milTianjin
73%
10.5 milNagoya
71%
14.6 milIstanbul
69%
10.1 milXiamen
61%
8.45 milHangzhou
49%
8.15 milShantou
24%

Score Distribution

Percentile by Number Answered

Percent of People with Each Score

Your Score History

You have not taken this quiz